[Event "CYCC U10"]
[Site "Sault Ste Marie CAN"]
[Date "2017.07.06"]
[Round "2"]
[White "Xu, Daniel"]
[Black "Gao, William"]
[Result "1-0"]
[WhiteElo "1941"]
[BlackElo "1313"]
[WhiteFideId "-1"]
[WhiteFideId "-1"]
[PlyCount "95"]
[GameId "2160767908344550"]
[EventDate "2017.07.06"]
[EventType "swiss"]
[EventRounds "7"]
[EventCountry "CAN"]
[SourceTitle "EXT 2022"]
[Source "ChessBase"]
[SourceDate "2021.10.06"]
[SourceVersion "1"]
[SourceVersionDate "2021.10.06"]
[SourceQuality "1"]

1. d4 Nf6 2. c4 e6 3. Nc3 Bb4 4. Qc2 d5 5. e3 c5 6. a3 Bxc3+ 7. bxc3 Nc6 8. Bd3 b6 9. Ne2 O-O 10. O-O dxc4 11. Bxc4 Na5 12. Bd3 Bb7 13. Ng3 c4 14. Be2 b5 15. f3 Nb3 16. Rb1 Qa5 17. e4 Qa4 18. Qb2 Nxc1 19. Rfxc1 Bc6 20. e5 Nd7 21. Ne4 Bxe4 22. fxe4 Rab8 23. Rf1 a6 24. Bg4 Qa5 25. Rf3 Qc7 26. Qf2 Nb6 27. Rf1 Qe7 28. Bh3 Nd7 29. Rf4 f6 30. exf6 Rxf6 31. Qh4 Rf7 32. Qxe7 Rxe7 33. e5 Rf8 34. Rxf8+ Nxf8 35. Kf2 Rf7+ 36. Ke2 Rxf1 37. Kxf1 Ng6 38. Bxe6+ Kf8 39. Bc8 a5 40. Ba6 b4 41. axb4 axb4 42. cxb4 c3 43. Ke2 Nf4+ 44. Kd1 Nd5 45. b5 Ne3+ 46. Kc1 Nd5 47. Bb7 Nb4 48. b6 1-0

[Event "CYCC U10"]
[Site "Sault Ste Marie CAN"]
[Date "2017.07.06"]
[Round "2"]
[White "Zhong, Kevin"]
[Black "Yuen, Noah"]
[Result "1-0"]
[WhiteElo "1810"]
[BlackElo "1218"]
[WhiteFideId "-1"]
[WhiteFideId "-1"]
[PlyCount "53"]
[GameId "2160767908344552"]
[EventDate "2017.07.06"]
[EventType "swiss"]
[EventRounds "7"]
[EventCountry "CAN"]
[SourceTitle "EXT 2022"]
[Source "ChessBase"]
[SourceDate "2021.10.06"]
[SourceVersion "1"]
[SourceVersionDate "2021.10.06"]
[SourceQuality "1"]

1. e4 c5 2. Ne2 Nc6 3. Nbc3 e6 4. d4 cxd4 5. Nxd4 a6 6. Nxc6 dxc6 7. Bd3 Nf6 8. O-O Bb4 9. e5 Nd5 10. Nxd5 cxd5 11. Qg4 Bf8 12. Be3 g6 13. Bg5 Be7 14. Bh6 Qc7 15. Qf4 Bd7 16. c4 Bc6 17. cxd5 exd5 18. Qd4 O-O-O 19. b4 Kb8 20. Bf4 Ka8 21. Rac1 Qd7 22. Be3 Kb8 23. b5 axb5 24. Bxb5 Qc7 25. Qa7+ Kc8 26. Bb6 Qb8 27. Rxc6+ 1-0

[Event "CYCC U10"]
[Site "Sault Ste Marie CAN"]
[Date "2017.07.06"]
[Round "2"]
[White "Zhu, Matthew"]
[Black "Ning, Eric"]
[Result "0-1"]
[WhiteElo "1318"]
[BlackElo "1922"]
[WhiteFideId "-1"]
[WhiteFideId "-1"]
[PlyCount "34"]
[GameId "2160767908344553"]
[EventDate "2017.07.06"]
[EventType "swiss"]
[EventRounds "7"]
[EventCountry "CAN"]
[SourceTitle "EXT 2022"]
[Source "ChessBase"]
[SourceDate "2021.10.06"]
[SourceVersion "1"]
[SourceVersionDate "2021.10.06"]
[SourceQuality "1"]

1. e4 c5 2. Nf3 Nc6 3. d4 cxd4 4. Nxd4 g6 5. Nc3 Bg7 6. Be3 Nf6 7. f3 O-O 8. Qd2 d5 9. Nxc6 bxc6 10. O-O-O Rb8 11. Bxa7 Rb7 12. Be3 Qa5 13. a3 Be6 14. Qe1 dxe4 15. fxe4 Nxe4 16. Bd2 Nxd2 17. Qxd2 Rxb2 0-1

[Event "CYCC U10"]
[Site "Sault Ste Marie CAN"]
[Date "2017.07.07"]
[Round "3"]
[White "Bitar, Cammeron"]
[Black "Srinivas, Atharva"]
[Result "0-1"]
[WhiteElo "1063"]
[BlackElo "1383"]
[WhiteFideId "-1"]
[WhiteFideId "-1"]
[PlyCount "110"]
[GameId "2160767908344555"]
[EventDate "2017.07.06"]
[EventType "swiss"]
[EventRounds "7"]
[EventCountry "CAN"]
[SourceTitle "EXT 2022"]
[Source "ChessBase"]
[SourceDate "2021.10.06"]
[SourceVersion "1"]
[SourceVersionDate "2021.10.06"]
[SourceQuality "1"]

1. e4 e5 2. Nf3 Nc6 3. Bc4 Bc5 4. Ng5 Qxg5 5. d4 Qxg2 6. Ke2 Nxd4+ 7. Kd3 Nf6 8. Nc3 Qh3+ 9. Be3 Ng4 10. Qf1 Qxf1+ 11. Raxf1 O-O 12. Rhg1 Nxe3 13. fxe3 Nc6 14. h4 h6 15. Rg2 Be7 16. Nd5 Nb4+ 17. Kc3 Nxd5+ 18. exd5 Bf6 19. e4 d6 20. h5 c6 21. Rfg1 Bg5 22. Bd3 Bf6 23. b4 cxd5 24. exd5 e4+ 25. Kd2 exd3 26. cxd3 Bg5+ 27. Ke2 Re8+ 28. Kd1 Bf5 29. Kc2 Rac8+ 30. Kd1 Bxd3 31. Rxg5 hxg5 32. Kd2 Bc4 33. Rxg5 Kh7 34. Rg2 Re2+ 35. Rxe2 Bxe2 36. Kxe2 Rc2+ 37. Kd3 Rxa2 38. Kc4 Rh2 39. Kb3 Rxh5 40. b5 Rxd5 41. Kb4 Rxb5+ 42. Kxb5 g5 43. Kc4 g4 44. Kd3 g3 45. Ke2 a5 46. Kf3 a4 47. Kxg3 a3 48. Kf4 a2 49. Kf5 a1=Q 50. Kg5 Qf1 51. Kh5 Kg7 52. Kg5 f6+ 53. Kg4 f5+ 54. Kg5 Qf3 55. Kh4 Qg4# 0-1

[Event "CYCC U10"]
[Site "Sault Ste Marie CAN"]
[Date "2017.07.07"]
[Round "3"]
[White "Bocan, Richard"]
[Black "He, Shukun"]
[Result "1-0"]
[WhiteElo "1086"]
[BlackElo "812"]
[WhiteFideId "-1"]
[WhiteFideId "-1"]
[PlyCount "77"]
[GameId "2160767908344556"]
[EventDate "2017.07.06"]
[EventType "swiss"]
[EventRounds "7"]
[EventCountry "CAN"]
[SourceTitle "EXT 2022"]
[Source "ChessBase"]
[SourceDate "2021.10.06"]
[SourceVersion "1"]
[SourceVersionDate "2021.10.06"]
[SourceQuality "1"]

1. d4 d5 2. c4 c6 3. Nf3 Nf6 4. Bf4 Bf5 5. e3 e6 6. Bd3 Bxd3 7. Qxd3 Bd6 8. Bxd6 Qxd6 9. Nc3 Nbd7 10. Rc1 c5 11. O-O cxd4 12. exd4 O-O 13. c5 Qc6 14. b4 a6 15. a4 Qc7 16. Rfe1 Rfe8 17. Qe2 b6 18. Rb1 bxc5 19. bxc5 Qa5 20. Qc2 Rab8 21. Rxb8 Rxb8 22. Na2 Re8 23. h3 h6 24. Re3 Nb8 25. Ra3 Nc6 26. Qc3 Qxc3 27. Nxc3 e5 28. dxe5 Nxe5 29. Nxe5 Rxe5 30. a5 d4 31. Na4 Rd5 32. Rd3 Kf8 33. Kf1 Ke7 34. Ke2 Ne4 35. Nb6 Nc3+ 36. Rxc3 dxc3 37. Nxd5+ Ke6 38. Nxc3 Kd7 39. Kd3 1-0

[Event "CYCC U10"]
[Site "Sault Ste Marie CAN"]
[Date "2017.07.07"]
[Round "3"]
[White "Borysenko, Andrii"]
[Black "Zhong, Kevin"]
[Result "0-1"]
[WhiteElo "1425"]
[BlackElo "1810"]
[WhiteFideId "-1"]
[WhiteFideId "-1"]
[PlyCount "84"]
[GameId "2160767908344557"]
[EventDate "2017.07.06"]
[EventType "swiss"]
[EventRounds "7"]
[EventCountry "CAN"]
[SourceTitle "EXT 2022"]
[Source "ChessBase"]
[SourceDate "2021.10.06"]
[SourceVersion "1"]
[SourceVersionDate "2021.10.06"]
[SourceQuality "1"]

1. d4 d5 2. Nf3 Nf6 3. Bf4 c5 4. e3 Nc6 5. Nbd2 Qb6 6. dxc5 Qxb2 7. Be2 e6 8. O-O Be7 9. Nb3 O-O 10. Qd2 Ne4 11. Qd1 Qf6 12. Bd3 e5 13. Bxe4 dxe4 14. Bg5 Qg6 15. Bxe7 exf3 16. Qxf3 Nxe7 17. Kh1 Bf5 18. c3 Be4 19. Qg3 Qxg3 20. hxg3 Rac8 21. Rfd1 Rfd8 22. Na5 f6 23. f3 Bc6 24. Nxc6 bxc6 25. Kh2 Rd5 26. e4 Rxc5 27. Rd7 Kf8 28. Rb1 Rb5 29. Rbd1 Ra5 30. R1d2 Ke8 31. Rb7 Rd8 32. Rdb2 Rd7 33. Rb8+ Kf7 34. Ra8 Rc5 35. Rb3 Rb5 36. Rxb5 cxb5 37. Rb8 a6 38. Ra8 Rd6 39. Ra7 Rc6 40. g4 Ke8 41. Ra8+ Nc8 42. Kg3 Kd7 0-1

[Event "CYCC U10"]
[Site "Sault Ste Marie CAN"]
[Date "2017.07.07"]
[Round "3"]
[White "Chen, Max"]
[Black "Liu, Henry"]
[Result "1-0"]
[WhiteElo "1974"]
[BlackElo "1547"]
[WhiteFideId "-1"]
[WhiteFideId "-1"]
[PlyCount "145"]
[GameId "2160767908344559"]
[EventDate "2017.07.06"]
[EventType "swiss"]
[EventRounds "7"]
[EventCountry "CAN"]
[SourceTitle "EXT 2022"]
[Source "ChessBase"]
[SourceDate "2021.10.06"]
[SourceVersion "1"]
[SourceVersionDate "2021.10.06"]
[SourceQuality "1"]

1. e4 e6 2. c4 c5 3. Nc3 Nc6 4. g3 Nf6 5. Bg2 a6 6. Nge2 Be7 7. O-O O-O 8. d3 Rb8 9. a4 d6 10. f4 Nb4 11. b3 d5 12. cxd5 exd5 13. e5 Ne8 14. d4 Nc7 15. Be3 b6 16. a5 cxd4 17. Nxd4 Bc5 18. Qd2 Bxd4 19. Bxd4 bxa5 20. Bc5 Re8 21. Rad1 Bg4 22. Rc1 Qd7 23. Bd6 Rb7 24. Na4 Qd8 25. f5 f6 26. Bxc7 Rxc7 27. Rxc7 Qxc7 28. Rf4 Bh5 29. Rh4 Bf7 30. e6 Bxe6 31. fxe6 Qe5 32. Rf4 Kf8 33. Rf1 Rxe6 34. Rd1 Rd6 35. Qd4 Kf7 36. Kf2 Qf5+ 37. Kg1 Qe5 38. Nc3 Ke6 39. Qd2 Kd7 40. Nxd5 Nxd5 41. Bxd5 h6 42. Qd4 Qxd4+ 43. Rxd4 Kc7 44. Rd3 Kb6 45. Bc4 Rxd3 46. Bxd3 a4 47. bxa4 a5 48. Kf2 Kc5 49. Kf3 Kd4 50. Bb5 Ke5 51. Ke3 g5 52. g4 f5 53. gxf5 Kxf5 54. h3 Ke5 55. Kf3 h5 56. Be8 g4+ 57. hxg4 hxg4+ 58. Kxg4 Kd5 59. Kf4 Kd4 60. Bb5 Kd5 61. Ke3 Ke5 62. Kd3 Kd5 63. Kc3 Kc5 64. Bc4 Kc6 65. Kd4 Kb6 66. Bb5 Kc7 67. Kc5 Kb7 68. Bc4 Kc7 69. Kb5 Kb7 70. Kxa5 Ka7 71. Bd5 Kb8 72. Kb6 Kc8 73. a5 1-0

[Event "CYCC U10"]
[Site "Sault Ste Marie CAN"]
[Date "2017.07.07"]
[Round "3"]
[White "Gao, William"]
[Black "Chen, Andrew2"]
[Result "1-0"]
[WhiteElo "1313"]
[BlackElo "1009"]
[WhiteFideId "-1"]
[WhiteFideId "-1"]
[PlyCount "182"]
[GameId "2160767908344560"]
[EventDate "2017.07.06"]
[EventType "swiss"]
[EventRounds "7"]
[EventCountry "CAN"]
[SourceTitle "EXT 2022"]
[Source "ChessBase"]
[SourceDate "2021.10.06"]
[SourceVersion "1"]
[SourceVersionDate "2021.10.06"]
[SourceQuality "1"]

1. e4 d5 2. exd5 Nf6 3. Nc3 Nxd5 4. Nf3 Bf5 5. Bc4 Nb6 6. Bb3 Nc6 7. d4 e6 8. Bf4 Bd6 9. Bg3 Bxg3 10. hxg3 Qf6 11. Ne2 O-O-O 12. c3 Be4 13. Neg1 e5 14. g4 exd4 15. g5 Qd6 16. Nd2 Bxg2 17. Qg4+ Qd7 18. Qxg2 dxc3 19. Ndf3 cxb2 20. Rb1 Nd4 21. Qh3 f5 22. Nxd4 Qxd4 23. Qxf5+ Kb8 24. Qc2 Qe5+ 25. Kf1 Qxg5 26. Qxb2 Rdf8 27. Qc2 Qf6 28. Rc1 c6 29. Re1 Qg6 30. Qxg6 hxg6 31. Rxh8 Rxh8 32. Re7 Rh7 33. Bc2 Nd5 34. Rf7 Rh6 35. Rxg7 Nf4 36. Rf7 Nd5 37. Rg7 Nf4 38. Rg8+ Kc7 39. Ke1 Kd6 40. Ne2 Rh1+ 41. Kd2 Nxe2 42. Rxg6+ Ke5 43. Kxe2 Ra1 44. Bb3 a6 45. Rg7 b5 46. Rc7 Kd6 47. Ra7 a5 48. Rxa5 Kc5 49. f4 Rg1 50. f5 Rg5 51. a4 Rxf5 52. axb5 cxb5 53. Ra1 Re5+ 54. Kd2 Kb6 55. Rb1 Kb7 56. Kc3 Ka6 57. Ra1+ Kb6 58. Kb2 Re2+ 59. Bc2 Kc5 60. Rc1 Kb4 61. Rb1 Kc5 62. Rc1 Kb6 63. Ka3 Re3+ 64. Kb2 Re2 65. Rb1 Kc5 66. Rc1 Kb4 67. Rh1 Ka5 68. Rh5 Rf2 69. Kc3 Rf3+ 70. Bd3 Ka4 71. Rh4+ Ka3 72. Kd2 b4 73. Rh1 Rf2+ 74. Be2 b3 75. Ke3 Rf5 76. Bd3 Rc5 77. Kd4 Ra5 78. Kc3 b2 79. Rh2 b1=Q 80. Bxb1 Rc5+ 81. Kd4 Rc1 82. Rh3+ Kb2 83. Bd3 Rd1 84. Ke3 Kc1 85. Rh2 Re1+ 86. Kd4 Rd1 87. Rc2+ Kb1 88. Kc3 Ka1 89. Bc4 Kb1 90. Be6 Rc1 91. Ba2+ Ka1 1-0

[Event "CYCC U10"]
[Site "Sault Ste Marie CAN"]
[Date "2017.07.07"]
[Round "3"]
[White "Guipi Bopala, Prince Eric jr"]
[Black "Xie, Austin"]
[Result "1-0"]
[WhiteElo "1814"]
[BlackElo "1348"]
[WhiteFideId "-1"]
[WhiteFideId "-1"]
[PlyCount "37"]
[GameId "2160767908344561"]
[EventDate "2017.07.06"]
[EventType "swiss"]
[EventRounds "7"]
[EventCountry "CAN"]
[SourceTitle "EXT 2022"]
[Source "ChessBase"]
[SourceDate "2021.10.06"]
[SourceVersion "1"]
[SourceVersionDate "2021.10.06"]
[SourceQuality "1"]

1. d4 d5 2. Bf4 e6 3. e3 c5 4. c3 Nf6 5. Bd3 Nc6 6. Nd2 b6 7. Ngf3 Bd6 8. Bg3 Bb7 9. O-O O-O 10. Ne5 Ne8 11. f4 f6 12. Qh5 f5 13. Ndf3 Nf6 14. Qh3 Nd7 15. Ng5 h6 16. Nxe6 Qe7 17. Nxf8 Rxf8 18. Bxf5 Ndxe5 19. fxe5 1-0

[Event "CYCC U10"]
[Site "Sault Ste Marie CAN"]
[Date "2017.07.07"]
[Round "3"]
[White "Locham, Divjot"]
[Black "Chen, Grant"]
[Result "1-0"]
[WhiteElo "1119"]
[BlackElo "817"]
[WhiteFideId "-1"]
[WhiteFideId "-1"]
[PlyCount "97"]
[GameId "2160767908344563"]
[EventDate "2017.07.06"]
[EventType "swiss"]
[EventRounds "7"]
[EventCountry "CAN"]
[SourceTitle "EXT 2022"]
[Source "ChessBase"]
[SourceDate "2021.10.06"]
[SourceVersion "1"]
[SourceVersionDate "2021.10.06"]
[SourceQuality "1"]

1. e4 e5 2. Nf3 Nf6 3. Nc3 Nc6 4. Be2 Be7 5. O-O O-O 6. d4 d6 7. d5 Nb4 8. a3 Na6 9. b4 c6 10. b5 Qa5 11. bxa6 Qxc3 12. Bd2 Qd4 13. Nxd4 exd4 14. axb7 Bxb7 15. Rb1 Rab8 16. dxc6 Bxc6 17. Bb4 Nxe4 18. Qxd4 Bf6 19. Qxa7 Bg5 20. Bxd6 Rxb1 21. Bxf8 Rxf1+ 22. Bxf1 Kxf8 23. Qb8+ Ke7 24. Qc7+ Bd7 25. Qe5+ Be6 26. Qxe4 f5 27. Qb7+ Kf6 28. Qb6 Kf7 29. Qc7+ Kf6 30. Qd8+ Kg6 31. Qd6 Kf7 32. Bb5 Be7 33. Qc7 g6 34. a4 h5 35. a5 g5 36. a6 g4 37. a7 Bd5 38. Bc4 Bxc4 39. Qxc4+ Kf6 40. a8=Q g3 41. Qh4+ Kf7 42. Qd5+ Ke8 43. Qxh5+ Kf8 44. Kf1 gxf2 45. Qhxf5+ Ke8 46. Ke2 f1=Q+ 47. Kxf1 Bf6 48. Qc8+ Ke7 49. Qde6# 1-0

[Event "CYCC U10"]
[Site "Sault Ste Marie CAN"]
[Date "2017.07.07"]
[Round "3"]
[White "Ning, Eric"]
[Black "Huang, Youhe"]
[Result "1-0"]
[WhiteElo "1922"]
[BlackElo "1448"]
[WhiteFideId "-1"]
[WhiteFideId "-1"]
[PlyCount "65"]
[GameId "2160767908344564"]
[EventDate "2017.07.06"]
[EventType "swiss"]
[EventRounds "7"]
[EventCountry "CAN"]
[SourceTitle "EXT 2022"]
[Source "ChessBase"]
[SourceDate "2021.10.06"]
[SourceVersion "1"]
[SourceVersionDate "2021.10.06"]
[SourceQuality "1"]

1. d4 Nf6 2. c4 g6 3. Nc3 Bg7 4. e4 d6 5. Nf3 e5 6. d5 O-O 7. Be2 Nbd7 8. Bg5 h6 9. Bh4 g5 10. Bg3 Nh5 11. Nd2 Nf4 12. Bg4 Nxg2+ 13. Kf1 Nf4 14. h4 Nc5 15. Bxc8 Rxc8 16. Qf3 Ncd3 17. Bxf4 Nxf4 18. Qg4 f6 19. f3 c6 20. Ne2 Qb6 21. Nxf4 Qxb2 22. Qe6+ Kh7 23. Ke2 exf4 24. Rab1 Qc3 25. Rxb7 Qe3+ 26. Kd1 Rb8 27. dxc6 Qd4 28. Kc2 gxh4 29. Rxh4 Rxb7 30. cxb7 Qb6 31. Qf5+ Kh8 32. Qc8 Qa6 33. Qxf8+ 1-0

[Event "CYCC U10"]
[Site "Sault Ste Marie CAN"]
[Date "2017.07.07"]
[Round "3"]
[White "Ripley, Noah"]
[Black "Chen, Derek1"]
[Result "1-0"]
[WhiteElo "814"]
[BlackElo "1336"]
[WhiteFideId "-1"]
[WhiteFideId "-1"]
[PlyCount "51"]
[GameId "2160767908344567"]
[EventDate "2017.07.06"]
[EventType "swiss"]
[EventRounds "7"]
[EventCountry "CAN"]
[SourceTitle "EXT 2022"]
[Source "ChessBase"]
[SourceDate "2021.10.06"]
[SourceVersion "1"]
[SourceVersionDate "2021.10.06"]
[SourceQuality "1"]

1. d4 Nf6 2. Bf4 b6 3. e3 Bb7 4. Nf3 e6 5. Bd3 c5 6. c3 cxd4 7. exd4 Be7 8. Nbd2 O-O 9. Qc2 h6 10. Ne4 Nd5 11. Bg3 f5 12. Nd6 Bc6 13. Be5 a6 14. O-O Nf6 15. Qe2 Ng4 16. Nc4 Bxf3 17. Qxf3 Nc6 18. Bf4 b5 19. Ne3 e5 20. dxe5 Ngxe5 21. Bxe5 Nxe5 22. Qd5+ Nf7 23. Nxf5 Rc8 24. Qe4 Bf6 25. Ne7+ Qxe7 26. Qh7# 1-0

[Event "CYCC U10"]
[Site "Sault Ste Marie CAN"]
[Date "2017.07.07"]
[Round "3"]
[White "Ripley, Sam"]
[Black "Latorre, Vincent"]
[Result "1/2-1/2"]
[WhiteElo "876"]
[BlackElo "1200"]
[WhiteFideId "-1"]
[WhiteFideId "-1"]
[PlyCount "67"]
[GameId "2160767908344568"]
[EventDate "2017.07.06"]
[EventType "swiss"]
[EventRounds "7"]
[EventCountry "CAN"]
[SourceTitle "EXT 2022"]
[Source "ChessBase"]
[SourceDate "2021.10.06"]
[SourceVersion "1"]
[SourceVersionDate "2021.10.06"]
[SourceQuality "1"]

1. e4 e5 2. Nf3 Nc6 3. Bc4 Bc5 4. d3 Nf6 5. c3 d5 6. exd5 Nxd5 7. Bb5 O-O 8. d4 exd4 9. cxd4 Re8+ 10. Be2 Bb4+ 11. Bd2 Bxd2+ 12. Qxd2 Qe7 13. Nc3 Nxc3 14. bxc3 Bg4 15. Rb1 Rab8 16. Rb2 Bxf3 17. gxf3 Kh8 18. O-O f5 19. Kh1 Qh4 20. Bb5 Re6 21. d5 Rh6 22. Qxh6 Qxh6 23. Bxc6 b6 24. Re1 Qf4 25. Rbe2 h6 26. Re3 Rf8 27. Be8 Qc4 28. Bg6 Qxd5 29. Kg2 f4 30. Re5 Qd8 31. Kh1 Qd6 32. Re8 Qxg6 33. Rxf8+ Kh7 34. Ree8 1/2-1/2

[Event "CYCC U10"]
[Site "Sault Ste Marie CAN"]
[Date "2017.07.07"]
[Round "3"]
[White "Sharma, Vishruth"]
[Black "Xu, Daniel"]
[Result "0-1"]
[WhiteElo "1719"]
[BlackElo "1941"]
[WhiteFideId "-1"]
[WhiteFideId "-1"]
[PlyCount "90"]
[GameId "2160767908344569"]
[EventDate "2017.07.06"]
[EventType "swiss"]
[EventRounds "7"]
[EventCountry "CAN"]
[SourceTitle "EXT 2022"]
[Source "ChessBase"]
[SourceDate "2021.10.06"]
[SourceVersion "1"]
[SourceVersionDate "2021.10.06"]
[SourceQuality "1"]

1. e4 e5 2. Nf3 Nc6 3. d4 exd4 4. Nxd4 Bc5 5. Be3 Qf6 6. c3 Nge7 7. Bc4 Ne5 8. Be2 a6 9. O-O d6 10. Qd2 Qg6 11. f4 N5c6 12. Bd3 Qf6 13. Bc4 O-O 14. Kh1 b5 15. Bb3 Na5 16. Qe2 Nxb3 17. axb3 Bb7 18. Nd2 Rae8 19. b4 Bb6 20. b3 Ng6 21. Qd3 Bxd4 22. Bxd4 Qe7 23. Rae1 f5 24. exf5 Qxe1 25. fxg6 Qh4 26. Nf3 Qh5 27. gxh7+ Qxh7 28. Qxh7+ Kxh7 29. Ng5+ Kg6 30. h4 Re2 31. Nf3 Rxf4 32. Kh2 Bxf3 33. Kg3 Rxd4 34. cxd4 Bxg2 35. Rc1 Bd5 36. Rxc7 Bxb3 37. Ra7 Re4 38. Rxa6 Rxd4 39. Rb6 Bc4 40. Rb7 d5 41. h5+ Kxh5 42. Rxg7 Bb3 43. Rh7+ Kg6 44. Rh1 Rxb4 45. Kf3 Kf5 0-1

[Event "CYCC U10"]
[Site "Sault Ste Marie CAN"]
[Date "2017.07.07"]
[Round "3"]
[White "Vo, Peter"]
[Black "Beliveau, Mathieu"]
[Result "0-1"]
[WhiteElo "1362"]
[BlackElo "1097"]
[WhiteFideId "-1"]
[WhiteFideId "-1"]
[PlyCount "100"]
[GameId "2160767908344570"]
[EventDate "2017.07.06"]
[EventType "swiss"]
[EventRounds "7"]
[EventCountry "CAN"]
[SourceTitle "EXT 2022"]
[Source "ChessBase"]
[SourceDate "2021.10.06"]
[SourceVersion "1"]
[SourceVersionDate "2021.10.06"]
[SourceQuality "1"]

1. e4 g6 2. d4 Bg7 3. Nf3 d6 4. h3 Nf6 5. Nc3 O-O 6. Bc4 Nxe4 7. Nxe4 d5 8. Bxd5 Qxd5 9. Nc3 Qd8 10. O-O Nc6 11. Be3 e5 12. dxe5 Nxe5 13. Nxe5 Bxe5 14. Bh6 Bg7 15. Bxg7 Kxg7 16. Qxd8 Rxd8 17. Rad1 Bf5 18. Rxd8 Rxd8 19. Rd1 Rxd1+ 20. Nxd1 Bxc2 21. Nc3 c6 22. a3 Kf6 23. Kf1 Ke5 24. Ke2 Be4 25. g3 Bg2 26. h4 h6 27. Ke3 g5 28. f4+ gxf4+ 29. gxf4+ Kd6 30. b4 c5 31. bxc5+ Kxc5 32. Ne4+ Bxe4 33. Kxe4 b5 34. Ke5 b4 35. axb4+ Kxb4 36. Kf6 a5 37. Kxf7 a4 38. Kg6 a3 39. f5 a2 40. Kxh6 a1=Q 41. Kg6 Qa6+ 42. f6 Kc5 43. Kg7 Kd6 44. f7 Qb7 45. Kg8 Qb3 46. Kg7 Qg3+ 47. Kf8 Qxh4 48. Kg8 Qg4+ 49. Kf8 Qg5 50. Ke8 Qe7# 0-1

[Event "CYCC U10"]
[Site "Sault Ste Marie CAN"]
[Date "2017.07.07"]
[Round "3"]
[White "Wang, Andrew1"]
[Black "Xu, Xinge"]
[Result "0-1"]
[WhiteElo "1196"]
[BlackElo "910"]
[WhiteFideId "-1"]
[WhiteFideId "-1"]
[PlyCount "112"]
[GameId "2160767908344571"]
[EventDate "2017.07.06"]
[EventType "swiss"]
[EventRounds "7"]
[EventCountry "CAN"]
[SourceTitle "EXT 2022"]
[Source "ChessBase"]
[SourceDate "2021.10.06"]
[SourceVersion "1"]
[SourceVersionDate "2021.10.06"]
[SourceQuality "1"]

1. c4 e5 2. Nf3 Nc6 3. Nc3 Nf6 4. d3 d6 5. g3 Bg4 6. Bg2 d5 7. Bg5 Be6 8. cxd5 Bxd5 9. Bxf6 gxf6 10. O-O Bg7 11. e3 O-O 12. d4 Bxf3 13. Bxf3 exd4 14. Bxc6 dxc3 15. Qxd8 Rfxd8 16. Bxb7 cxb2 17. Rab1 Rab8 18. Rxb2 f5 19. Rb3 Rd2 20. Rc1 Rxa2 21. Rxc7 Ra1+ 22. Kg2 Be5 23. Rc8+ Rxc8 24. Bxc8 a5 25. Bxf5 a4 26. Rb5 Bc3 27. Rb8+ Kg7 28. Ra8 a3 29. Ra7 Kf6 30. Bc2 Bb2 31. Kf3 Ke5 32. Ra5+ Kd6 33. Ke4 Kc6 34. Kd3 Kb6 35. Ra4 Kb5 36. f4 Rc1 37. Ra7 Kb4 38. Rb7+ Kc5 39. Ra7 Kb5 40. e4 Rh1 41. g4 Rxh2 42. Bb3 Rh4 43. Rxf7 Rh3+ 44. Kc2 Kb4 45. Rb7+ Kc5 46. Rc7+ Kd6 47. Rc4 Rh2+ 48. Kd3 Rh4 49. e5+ Ke7 50. Rc7+ Kd8 51. Rg7 Rh3+ 52. Kc2 Rh2+ 53. Kd3 Rh3+ 54. Kc2 Rc3+ 55. Kb1 Rc1+ 56. Ka2 Ra1# 0-1

[Event "CYCC U10"]
[Site "Sault Ste Marie CAN"]
[Date "2017.07.07"]
[Round "3"]
[White "Wang, Daniel Z"]
[Black "Zhu, Matthew"]
[Result "0-1"]
[WhiteElo "980"]
[BlackElo "1318"]
[WhiteFideId "-1"]
[WhiteFideId "-1"]
[PlyCount "94"]
[GameId "2160767908344572"]
[EventDate "2017.07.06"]
[EventType "swiss"]
[EventRounds "7"]
[EventCountry "CAN"]

1. e4 c5 2. c3 Nf6 3. e5 Nd5 4. d4 cxd4 5. cxd4 Nc6 6. Nf3 d6 7. Qe2 dxe5 8. dxe5 Bg4 9. h3 Bxf3 10. gxf3 e6 11. Bg2 Bb4+ 12. Bd2 Bxd2+ 13. Nxd2 Nf4 14. Qf1 Qg5 15. Rg1 Qxe5+ 16. Ne4 f5 17. Qc4 fxe4 18. fxe4 Qxb2 19. Rd1 Qb4+ 20. Qxb4 Nxb4 21. a3 Nc2+ 22. Kf1 O-O 23. Rd7 Ne3+ 24. fxe3 Nxh3+ 25. Ke1 Nxg1 26. e5 Nf3+ 27. Bxf3 Rxf3 28. Ke2 Rf5 29. Rxb7 Rxe5 30. Re7 h5 31. Kf3 g5 32. Rc7 h4 33. Rc1 Rb8 34. Rg1 Rb3 35. Re1 Rxa3 36. Kf2 g4 37. Rg1 g3+ 38. Kg2 Rexe3 39. Kh3 Re4 40. Rg2 a5 41. Rg1 a4 42. Rg2 Rae3 43. Ra2 Re2 44. Rxe2 Rxe2 45. Kg4 g2 46. Kxh4 g1=Q 47. Kh3 Rh2# 0-1

[Event "CYCC U10"]
[Site "Sault Ste Marie CAN"]
[Date "2017.07.07"]
[Round "3"]
[White "Wu, Stanley"]
[Black "Wang, David"]
[Result "1/2-1/2"]
[WhiteElo "928"]
[BlackElo "1263"]
[WhiteFideId "-1"]
[WhiteFideId "-1"]
[PlyCount "48"]
[GameId "2160767908344573"]
[EventDate "2017.07.06"]
[EventType "swiss"]
[EventRounds "7"]
[EventCountry "CAN"]
[SourceTitle "EXT 2022"]
[Source "ChessBase"]
[SourceDate "2021.10.06"]
[SourceVersion "1"]
[SourceVersionDate "2021.10.06"]
[SourceQuality "1"]

1. e4 e5 2. Nf3 Nc6 3. Nc3 Nf6 4. Bb5 Bc5 5. O-O d6 6. d4 exd4 7. Nxd4 Bxd4 8. Qxd4 a6 9. Bxc6+ bxc6 10. Bg5 O-O 11. f4 c5 12. Qe3 h6 13. Bh4 Ng4 14. Qg3 Qe8 15. h3 Kh8 16. b3 d5 17. hxg4 d4 18. Na4 Qxe4 19. Qd3 Qd5 20. Qf3 Qd6 21. Rfe1 f6 22. c4 Bb7 23. Qf2 Qc6 24. Rf1 Rfd8 1/2-1/2

[Event "CYCC U10"]
[Site "Sault Ste Marie CAN"]
[Date "2017.07.07"]
[Round "3"]
[White "Yuan, Henry"]
[Black "Wang, Daniel1"]
[Result "0-1"]
[WhiteElo "961"]
[BlackElo "1285"]
[WhiteFideId "-1"]
[WhiteFideId "-1"]
[PlyCount "90"]
[GameId "2160767908344575"]
[EventDate "2017.07.06"]
[EventType "swiss"]
[EventRounds "7"]
[EventCountry "CAN"]
[SourceTitle "EXT 2022"]
[Source "ChessBase"]
[SourceDate "2021.10.06"]
[SourceVersion "1"]
[SourceVersionDate "2021.10.06"]
[SourceQuality "1"]

1. e4 c5 2. Nf3 d6 3. Bb5+ Bd7 4. Bxd7+ Nxd7 5. O-O g6 6. c3 Ngf6 7. Re1 Bg7 8. d4 cxd4 9. cxd4 O-O 10. Nc3 Nb6 11. Bf4 Rc8 12. Qd2 Nc4 13. Qc1 Qa5 14. b3 Nb6 15. Bd2 Qa6 16. Qd1 Rc6 17. b4 Qa3 18. b5 Rxc3 19. Bxc3 Qxc3 20. Re3 Qc7 21. Rc1 Qd7 22. e5 Nfd5 23. Ra3 Qxb5 24. Rxa7 dxe5 25. Rxb7 Qa6 26. Rxb6 Nxb6 27. Qb3 Nd7 28. Rc7 Rb8 29. Qc2 Qb5 30. Rc8+ Rxc8 31. Qxc8+ Nf8 32. h3 exd4 33. a3 d3 34. Kh2 Be5+ 35. g3 Qd5 36. Nd2 Bd4 37. Kg1 Qc5 38. Ne4 Qxc8 39. Kg2 Qc6 40. f3 Qxe4 41. fxe4 d2 42. Kf3 d1=Q+ 43. Kg2 Qe2+ 44. Kh1 Qf1+ 45. Kh2 Qg1# 0-1